Managerial planning <an> optimum and stochastic control approach

Guardado en:
Detalles Bibliográficos
Autor principal: Tapiero, Charles S.
Formato: Libro
Lenguaje:inglés
Publicado: New York Gordon and Breach 1977
Etiquetas: Agregar Etiqueta
Sin Etiquetas, Sea el primero en etiquetar este registro!

MARC

LEADER 00000nam a2200000 4500
001 c140375
005 20041019155318.7
041 0 |a eng 
044 |a US 
245 1 0 |a Managerial planning  |b <an> optimum and stochastic control approach  |c Charles S. Tapiero 
264 1 |a New York  |b Gordon and Breach  |c 1977 
300 |a 642 s. 
100 1 |a Tapiero, Charles S.